000 00309nam a2200133Ia 4500
008 150201s2010 xx 000 0 und d
082 _a618.92
_bE010G
100 _aGHAI,OP
245 _aGHAI,ESSENTIAL PEDIATRICS
250 _a7TH
260 _bCBS
_aDELHI
_c2010
650 _aPAEDIATRICS
942 _2ddc
_cBK
_016
999 _c692
_d692